Priorities in biopesticide research and development in developing countries (Record no. 13500)
[ view plain ]
| 000 -LEADER | |
|---|---|
| fixed length control field | 01534nam a2200361Ia 4500 |
| 100 1# - MAIN ENTRY--AUTHOR NAME | |
| Personal name | Harris, Jeremy. |
| 245 10 - TITLE STATEMENT | |
| Title | Priorities in biopesticide research and development in developing countries |
| 260 ## - PUBLICATION, DISTRIBUTION, ETC. (IMPRINT) | |
| Place of publication | Wallingford, UK ; |
| -- | New York : |
| Name of publisher | CABI Pub., |
| Year of publication | c2000. |
| 300 ## - PHYSICAL DESCRIPTION | |
| Number of Pages | vii, 70 p. : |
| Other physical details | ill. |
| 490 1# - SERIES STATEMENT | |
| Series statement | Biopesticides series ; |
| 650 #0 - SUBJECT ADDED ENTRY--TOPICAL TERM | |
| Topical Term | Natural pesticides |
| Topical Term | Biological pest control agents |
| Topical Term | Natural pesticides |
| Topical Term | Biological pest control agents |
| 700 1# - ADDED ENTRY--PERSONAL NAME | |
| Personal name | Dent, David, |
| 856 40 - ELECTRONIC LOCATION AND ACCESS | |
| Uniform Resource Identifier | http://site.ebrary.com/lib/rucke/Doc?id=10257010 |
No items available.
